| 000 | 00448 a2200157 4500 | ||
|---|---|---|---|
| 020 | _a8120331109 | ||
| 022 | _a9788120331105 | ||
| 082 | _a510.71 | ||
| 090 |
_c5886 _d5886 |
||
| 100 | _aBrown,Mark Graham. | ||
| 245 |
_aKeeping Score. _bUsing the Right Metrics to drive World-Class Performance. _cMark Graham Brown |
||
| 260 |
_aNew Delhi _bPrentice Hall of India _c2007 |
||
| 300 | _a198p | ||
| 500 | _aHard cover | ||
| 942 |
_aNBS _cBK _k510.71 BRO |
||
| 999 |
_c348282 _d348282 |
||